000 00762nam a22002897a 4500
005 20251103163727.0
008 180305b2014 xxu||||| |||| 00| 0 spa d
020 _a9789875171428
041 _aESP
082 _a363.25 S717d
100 _aSotela, Ramón
_945790
245 _aEl dibujante forense y la criminalística
260 _aArgentina
260 _bLa Roca
260 _c2014
300 _a296 páginas
490 _aInvestigación Criminal
650 _aCRIMINALÍSTICA
650 _aPERITOS FORENSES
650 _aDIBUJO DE ROSTROS
650 _aARTE FORENSE
650 _aSISTEMAS DE IDENTIFICACIÓN
650 _aTÉCNICAS DEL DIBUJO
650 _aPERFIL DEL VIOLADOR
650 _aANTROPOLOGÍA FORENSE
942 _cBK
_2ddc
999 _c10377
_d10377